Southville International School and Colleges
Your cart is empty.
  • Cart
  • Lists
    Public lists Eva Luna New books Lux_list list_1
    Your lists Log in to create your own lists
  • Log in to your account
  • Your cookies
  • Search history
Southville International School and Colleges
  • Advanced search
  • Recent comments
  • Most popular
  • Libraries

Log in to your account

Log in with GOOGLE


If you do not have an external account, but do have a local account, you can still log in:

  1. Home
  2. MARC view: Getting great results from your ice cream machine :
Normal view MARC view ISBD view

Getting great results from your ice cream machine : (Record no. 305221)

[ view plain ]
MARC details
000 -LEADER
fixed length control field 00821nam a2200241Ia 4500
008 - FIXED-LENGTH DATA ELEMENTS--GENERAL INFORMATION
fixed length control field 161112s9999 xx 000 0 und d
020 ## - INTERNATIONAL STANDARD BOOK NUMBER
International Standard Book Number 978-1-84476-403-7
050 ## - LIBRARY OF CONGRESS CALL NUMBER
Classification number CUL TX 795
050 ## - LIBRARY OF CONGRESS CALL NUMBER
Item number .F37 2007
100 ## - MAIN ENTRY--PERSONAL NAME
Personal name Farrow, Joanna.
245 #0 - TITLE STATEMENT
Title Getting great results from your ice cream machine :
245 #0 - TITLE STATEMENT
Remainder of title simple ways to create fabulous iced desserts, with more than 80 step-by-step recipes shown in over 550 stunning photographs /
245 #0 - TITLE STATEMENT
Statement of responsibility, etc Joanna Farrow and Sara Lewis; photography by Gus Filgate, William Lingwood and Craig Robertson.
260 ## - PUBLICATION, DISTRIBUTION, ETC. (IMPRINT)
Place of publication, distribution, etc London :
260 ## - PUBLICATION, DISTRIBUTION, ETC. (IMPRINT)
Name of publisher, distributor, etc Southwater,
260 ## - PUBLICATION, DISTRIBUTION, ETC. (IMPRINT)
Date of publication, distribution, etc 2007
300 ## - PHYSICAL DESCRIPTION
Extent 160 pages :
300 ## - PHYSICAL DESCRIPTION
Other physical details color illustrations ;
300 ## - PHYSICAL DESCRIPTION
Dimensions 30 cm.
500 ## - GENERAL NOTE
General note Includes index.
650 ## - SUBJECT ADDED ENTRY--TOPICAL TERM
Topical term or geographic name as entry element Ice cream, ices, etc.
650 ## - SUBJECT ADDED ENTRY--TOPICAL TERM
General subdivision Ice cream freezers.
Holdings
Withdrawn status Lost status Damaged status Home library Current library Shelving location Date acquired Cost, normal purchase price Total Checkouts Full call number Barcode Date last seen Price effective from Koha item type
      South Mansfield College South Mansfield College   01/10/2008 1126.00   CUL TX 795 .F37 2007 SMC04056 11/12/2016 11/12/2016  

Getting great results from your ice cream machine :

APA

Farrow J., .Getting great results from your ice cream machine. London: .

Chicago

Farrow Joanna, .Getting great results from your ice cream machine. London: .

Harvard

Farrow J., .Getting great results from your ice cream machine. London: .

MLA

Farrow Joanna, .London: . .

  • Place hold
  • Print
  • Cite
  • Add to your cart (remove)
  • Save record
    BIBTEX Dublin Core MARCXML MARC (non-Unicode/MARC-8) MARC (Unicode/UTF-8) MARC (Unicode/UTF-8, Standard) MODS (XML) RIS
  • More searches
    Search for this title in:
    Other Libraries (WorldCat) Other Databases (Google Scholar) Online Stores (Bookfinder.com) Open Library (openlibrary.org)

Exporting to Dublin Core...

SOUTHVILLE LIBRARY

Southville International School and Colleges Library

1281 Tropical Ave. Cor. Luxembourg St., BF Homes International, Las Pinas City

Tel. No. 8256374 / 252358 Loc. 117/146

Powered by Koha